Welcome to the Holygrace Academy Library

Please use search bar below to get started

THEOROTICAL INORGANIC CHEMISTRY (Record no. 726)

MARC details
000 -LEADER
fixed length control field 00329nam a22001337a 4500
020 ## - INTERNATIONAL STANDARD BOOK NUMBER
ISBN 81-7671-012-1
082 ## - DEWEY DECIMAL CLASSIFICATION NUMBER
Classification number 540
Item number DAY/T
100 ## - MAIN ENTRY--AUTHOR NAME
Personal name M.C.DAY, J.SELBIN
245 ## - TITLE STATEMENT
Title THEOROTICAL INORGANIC CHEMISTRY
260 ## - PUBLICATION, DISTRIBUTION, ETC. (IMPRINT)
Place of publication DELHI
Name of publisher EAST-WEST PRESS PVT LTD
Year of publication 1969
300 ## - PHYSICAL DESCRIPTION
Number of Pages 590
650 ## - SUBJECT ADDED ENTRY--TOPICAL TERM
Topical Term CHEMISTRY FOR CLASS XII
Geographic subdivision INDIA
942 ## - ADDED ENTRY ELEMENTS (KOHA)
Koha item type Books
Holdings
Withdrawn status Lost status Collection code Home library Current library Shelving location Date acquired Source of acquisition Cost, normal purchase price Full call number Accession Number Koha item type
    Reference Main Library Main Library SHELF 9 D PLUS 2 CHEMISTRY 23/10/2006 purchase 190.00 540 DAY/T 03376 Books